Tampa Bay Lightning Roster 2024-25 - Statistics

General Stats
  • This quiz has been taken 18 times
    9 since last reset
  • The average score is 17 of 24
Answer Stats
# Player % Correct
21 Brayden Point
100%
11 Luke Glendening
100%
48 Nick Perbix
100%
88 Andrei Vasilevskiy
75%
71 Anthony Cirelli
75%
38 Brandon Hagel
75%
14 Conor Geekie
75%
43 Darren Raddysh
75%
81 Erik Cernak
75%
93 Gage Goncalves
75%
59 Jake Guentzel
75%
31 Jonas Johansson
75%
41 Mitchell Chaffee
75%
20 Nick Paul
75%
86 Nikita Kucherov
75%
27 Ryan McDonagh
75%
77 Victor Hedman
75%
28 Zemgus Girgensons
75%
13 Cam Atkinson
50%
73 Conor Sheary
50%
67 Declan Carlile
50%
78 Emil Lilleberg
50%
90 JJ Moser
50%
23 Mikey Eyssimont
50%
No matching quizzes found
Score Distribution
Percent of People with Each Score
Percentile by Number Answered
Your Score History
You have not taken this quiz since the last reset